000 nam a22 7a 4500
999 _c8764
_d8764
008 180119b ||||| |||| 00| 0 eng d
100 _aMalik. S
_95103
245 _aExploring Computers -VII
250 _a6th
260 _aNew Delhio
_bRachna Sagar
_c2009